A Kingspan Kereskedelmi Kft. vagyoni-, pénzügyi és jövedelmezőségi helyzetének értékelése az eredmény alakulását befolyásoló tényezők vizsgálata több év beszámolója alapján

Bibliographic Details
Main Author: Kmetyó-Zsolnai Zsanett
Other Authors: Veress Dr. Attila
Format: Thesis
Kulcsszavak:vagyoni helyzet
Pénzügyi helyzet
jövedelmezőségi helyzet
Online Access:http://dolgozattar.uni-bge.hu/16878

MARC

LEADER 00000nta a2200000 i 4500
001 dolg16878
005 20190403123205.0
008 180516suuuu hu om 000 hun d
040 |a BGE Dolgozattár Repozitórium  |b hun 
041 |a hu 
100 1 |a Kmetyó-Zsolnai Zsanett 
245 1 2 |a A Kingspan Kereskedelmi Kft. vagyoni-, pénzügyi és jövedelmezőségi helyzetének értékelése az eredmény alakulását befolyásoló tényezők vizsgálata több év beszámolója alapján  |c Kmetyó-Zsolnai Zsanett  |h [elektronikus dokumentum] 
695 |a vagyoni helyzet 
695 |a Pénzügyi helyzet 
695 |a jövedelmezőségi helyzet 
700 1 |a Veress Dr. Attila  |e ths 
856 4 0 |u http://dolgozattar.uni-bge.hu/16878/1/szakdolgozat.pdf  |z Dokumentum-elérés